[Event "Kiev-ch"]
[Site "Kiev"]
[Date "2000.??.??"]
[Round "?"]
[White "Iljenchenko, Vladimir"]
[Black "Cherno Ivanov, Konstantin"]
[Result "1/2-1/2"]
[WhiteElo "2357"]
[BlackElo "2261"]
[PlyCount "36"]
[EventDate "2000.??.??"]
[EventType "swiss"]
[EventRounds "11"]
[EventCountry "UKR"]
[SourceTitle "EXT 2001"]
[Source "ChessBase"]
[SourceDate "2000.11.22"]
[SourceVersion "1"]
[SourceVersionDate "2000.11.22"]
[SourceQuality "1"]

1. d4 d5 2. c4 e6 3. Nc3 Nf6 4. Bg5 Be7 5. e3 0-0 6. Nf3 c6 7. cxd5 exd5 8. Qc2 Nbd7 9. Bd3 Re8 10. 0-0 Nf8 11. Ne5 Ng4 12. Bxe7 Qxe7 13. Nxg4 Bxg4 14. h3 Bh5 15. Be2 Bxe2 16. Nxe2 Ng6 17. Rab1 a5 18. a3 Qg5 1/2-1/2

[Event "Kiev-ch"]
[Site "Kiev"]
[Date "2000.??.??"]
[Round "?"]
[White "Iljenchenko, Vladimir"]
[Black "Shianovsky, Vladislav I"]
[Result "1/2-1/2"]
[WhiteElo "2357"]
[BlackElo "2310"]
[PlyCount "94"]
[EventDate "2000.??.??"]
[EventType "swiss"]
[EventRounds "11"]
[EventCountry "UKR"]
[SourceTitle "EXT 2001"]
[Source "ChessBase"]
[SourceDate "2000.11.22"]
[SourceVersion "1"]
[SourceVersionDate "2000.11.22"]
[SourceQuality "1"]

1. d4 Nf6 2. Nf3 g6 3. Bf4 Bg7 4. c3 0-0 5. e3 b6 6. Nbd2 Bb7 7. h3 d6 8. Bh2 Nbd7 9. Bc4 e5 10. dxe5 dxe5 11. Qc2 Qe7 12. 0-0 e4 13. Nd4 Ne5 14. Be2 c5 15. N4b3 Rad8 16. Bxe5 Qxe5 17. a4 a6 18. Nc4 Qc7 19. Rad1 Bc6 20. a5 b5 21. Nb6 Bb7 22. c4 b4 23. Na4 Nd7 24. Rxd7 Rxd7 25. Naxc5 Re7 26. Nxb7 Qxb7 27. c5 Qc6 28. Rd1 Be5 29. Nd4 Bxd4 30. exd4 e3 31. fxe3 Rxe3 32. d5 Rxe2 33. Qxe2 Qxc5+ 34. Kh1 Qd6 35. Qc4 Rd8 36. Qd4 h5 37. b3 f6 38. Re1 Kg7 39. Rf1 Rd7 40. Rf4 Qe5 41. Qxe5 fxe5 42. Rxb4 Rxd5 43. Rb7+ Kf6 44. Rb6+ Kf5 45. Rxa6 Rb5 46. Kg1 Rxb3 47. Ra8 e4 1/2-1/2

[Event "Kiev-ch"]
[Site "Kiev"]
[Date "2000.??.??"]
[Round "?"]
[White "Romanov, Vladimir"]
[Black "Iljenchenko, Vladimir"]
[Result "1/2-1/2"]
[WhiteElo "2255"]
[BlackElo "2357"]
[PlyCount "124"]
[EventDate "2000.??.??"]
[EventType "swiss"]
[EventRounds "11"]
[EventCountry "UKR"]
[SourceTitle "EXT 2001"]
[Source "ChessBase"]
[SourceDate "2000.11.22"]
[SourceVersion "1"]
[SourceVersionDate "2000.11.22"]
[SourceQuality "1"]

1. e4 Nf6 2. e5 Nd5 3. d4 d6 4. Nf3 Bg4 5. Be2 Nc6 6. c4 Nb6 7. exd6 exd6 8. 0-0 Be7 9. Nbd2 d5 10. c5 Nc8 11. Qa4 0-0 12. b4 Bf6 13. Bb2 N6e7 14. Rfe1 Ng6 15. g3 Nce7 16. Ne5 Be6 17. Qb3 Nc6 18. f4 a6 19. Ndf3 Bf5 20. Bf1 Re8 21. Bc3 Ncxe5 22. dxe5 Be7 23. Nd4 Be4 24. Bh3 c6 25. Rad1 Qc7 26. Nf5 Bxf5 27. Bxf5 a5 28. Bb1 axb4 29. Qxb4 b6 30. Qxb6 Qxb6 31. cxb6 Bc5+ 32. Bd4 Bxd4+ 33. Rxd4 Ra6 34. Rb4 Rb8 35. Bxg6 hxg6 36. b7 Rxa2 37. e6 Kf8 38. Rb6 Ra7 39. exf7 Rbxb7 40. Rxc6 Kxf7 41. Re2 Rd7 42. Rd2 Ra8 43. Kg2 d4 44. Rd3 Rb8 45. Kf3 Ra8 46. h4 Rb8 47. Rc5 Kf6 48. Ke4 Re8+ 49. Re5 Red8 50. g4 Rd6 51. Kf3 R6d7 52. g5+ Kf7 53. Kg4 Rc8 54. Rb5 Rc1 55. Rb4 Rg1+ 56. Kh3 Rh1+ 57. Kg2 Rxh4 58. Rbxd4 Re7 59. Kg3 Rh1 60. Rd7 Rhe1 61. R3d6 Rxd7 62. Rxd7+ Kg8 1/2-1/2